Fr. Conceicao Rodrigues College of Engineering

Introd. to welding & Brazing (Record no. 33814)

MARC details
000 -LEADER
fixed length control field 00282nam a2200133Ia 4500
082 ## - DEWEY DECIMAL CLASSIFICATION NUMBER
Classification number 671.5
100 ## - MAIN ENTRY--PERSONAL NAME
Personal name Milner/D.R
245 ## - TITLE STATEMENT
Title Introd. to welding & Brazing
260 ## - PUBLICATION, DISTRIBUTION, ETC.
Name of publisher, distributor, etc. Pergamon press
Place of publication, distribution, etc. Oxford
Date of publication, distribution, etc. 1969
300 ## - PHYSICAL DESCRIPTION
Extent 222
546 ## - LANGUAGE NOTE
Language note ENGLISH
654 ## - SUBJECT ADDED ENTRY--FACETED TOPICAL TERMS
Focus term Welding
942 ## - ADDED ENTRY ELEMENTS (KOHA)
Koha item type BOOK
Holdings
Withdrawn status Lost status Damaged status Not for loan Collection Home library Current library Date acquired Cost, normal purchase price Inventory number Total Checkouts Full call number Barcode Date last seen Cost, replacement price Price effective from Koha item type
        AFT Fr. Agnel's C.Rodrigues College of Engineering Fr. Agnel's C.Rodrigues College of Engineering 17/03/2023 42.30 T-156   671.5 AFT1702 17/03/2023 42.30 17/03/2023 BOOK